|
|
|
|
| LEADER |
02729nam a2200349 a 4500 |
| 001 |
24464 |
| 008 |
120208s2011 bg a 001 0 eng |
| 020 |
|
|
|a 9843111312
|
| 040 |
|
|
|a BD-DhAAL
|c BD-DhAAL
|
| 082 |
0 |
0 |
|a 519.2
|2 22
|
| 100 |
1 |
|
|a Islam, M. Nurul
|
| 245 |
1 |
0 |
|a Introduction to statistics and probability /
|c M. Nurul Islam
|
| 250 |
|
|
|a 4th ed.
|
| 260 |
|
|
|a Dhaka :
|b Mullick & Brothers,
|c c2011
|
| 300 |
|
|
|a xv, 857 p. :
|b ill. ;
|c 22 cm.
|
| 500 |
|
|
|a Includes indexes.
|
| 541 |
|
|
|e 00024464
|
| 650 |
|
0 |
|a Mathematical statistics.
|
| 650 |
|
0 |
|a Probabilities.
|
| 852 |
1 |
|
|a Ayesha Abed Library
|c General shelf.
|
| 942 |
0 |
0 |
|0 5
|
| 999 |
|
|
|c 11865
|d 11865
|
| 952 |
|
|
|0 0
|1 0
|2 ddc
|4 0
|6 519_200000000000000_ISL
|7 0
|9 19392
|a BRACUL
|b BRACUL
|c GEN
|d 2012-02-09
|e Mollick and Brothers Ltd.
|g 300.00
|l 32
|m 324
|o 519.2 ISL
|p 3010024464
|r 2025-10-06
|s 2025-08-25
|t 1
|w 2012-02-09
|y BK
|
| 952 |
|
|
|0 0
|1 0
|2 ddc
|4 0
|6 519_200000000000000_ISL
|7 0
|9 19393
|a BRACUL
|b BRACUL
|c GEN
|d 2012-02-09
|e Mollick and Brothers Ltd.
|g 300.00
|l 31
|m 264
|o 519.2 ISL
|p 3010024465
|r 2023-06-05
|s 2023-06-02
|t 2
|w 2012-02-09
|y BK
|
| 952 |
|
|
|0 0
|1 0
|2 ddc
|4 0
|6 519_200000000000000_ISL
|7 0
|9 19400
|a BRACUL
|b BRACUL
|c GEN
|d 2012-02-09
|e Mollick and Brother Ltd.
|g 300.00
|l 32
|m 214
|o 519.2 ISL
|p 3010024466
|r 2025-08-18
|s 2025-08-17
|t 3
|w 2012-02-11
|y BK
|
| 952 |
|
|
|0 0
|1 0
|2 ddc
|4 0
|6 519_200000000000000_ISL
|7 0
|9 19401
|a BRACUL
|b BRACUL
|c GEN
|d 2012-02-09
|e Mollick and Brothers Ltd.
|g 300.00
|l 23
|m 202
|o 519.2 ISL
|p 3010024467
|r 2025-08-30
|s 2025-08-15
|t 4
|w 2012-02-11
|y BK
|
| 952 |
|
|
|0 0
|1 0
|2 ddc
|4 0
|6 519_200000000000000_ISL
|7 0
|9 19402
|a BRACUL
|b BRACUL
|c GEN
|d 2012-02-09
|e Mollick and Brothers Ltd.
|g 300.00
|l 36
|m 327
|o 519.2 ISL
|p 3010024468
|r 2025-12-13
|s 2025-10-15
|t 5
|w 2012-02-11
|y BK
|
| 952 |
|
|
|0 0
|1 0
|2 ddc
|4 0
|6 519_200000000000000_ISL
|7 0
|9 19403
|a BRACUL
|b BRACUL
|c GEN
|d 2012-02-09
|e Mollick and Brother Ltd.
|g 300.00
|l 33
|m 279
|o 519.2 ISL
|p 3010024469
|r 2026-03-02
|s 2025-10-12
|t 6
|w 2012-02-11
|y BK
|
| 952 |
|
|
|0 0
|1 0
|2 ddc
|4 0
|6 519_200000000000000_ISL
|7 0
|9 19404
|a BRACUL
|b BRACUL
|c GEN
|d 2012-02-09
|e Mollick and Brothers Ltd.
|g 300.00
|l 40
|m 300
|o 519.2 ISL
|p 3010024470
|r 2025-09-30
|s 2025-07-28
|t 7
|w 2012-02-11
|y BK
|
| 952 |
|
|
|0 0
|1 0
|2 ddc
|4 0
|6 519_200000000000000_ISL
|7 0
|9 19405
|a BRACUL
|b BRACUL
|c GEN
|d 2012-02-09
|e Mollick and Brothers Ltd.
|g 300.00
|l 30
|m 234
|o 519.2 ISL
|p 3010024471
|r 2026-01-16
|s 2026-01-05
|t 8
|w 2012-02-11
|y BK
|
| 952 |
|
|
|0 0
|1 0
|2 ddc
|4 0
|6 519_200000000000000_ISL
|7 0
|9 19406
|a BRACUL
|b BRACUL
|c GEN
|d 2012-02-09
|e Mollick and Brothers Ltd.
|g 300.00
|l 41
|m 250
|o 519.2 ISL
|p 3010024472
|r 2025-10-26
|s 2025-09-03
|t 9
|w 2012-02-11
|y BK
|
| 952 |
|
|
|0 0
|1 0
|2 ddc
|4 0
|6 519_200000000000000_ISL
|7 0
|9 19407
|a BRACUL
|b BRACUL
|c GEN
|d 2012-02-09
|e Mollick and Brothers Ltd.
|g 300.00
|l 25
|m 269
|o 519.2 ISL
|p 3010024473
|q 2023-05-31
|r 2020-02-13
|s 2020-02-13
|t 10
|w 2012-02-11
|y BK
|